| 000 | 00668nam a2200205Ia 4500 | ||
|---|---|---|---|
| 003 | GCL | ||
| 008 | 140319s9999 xx 000 0 ara d | ||
| 040 |
_aGCL / _cGCL |
||
| 082 | 0 | 4 |
_aط _b507 _bد ك |
| 100 | 1 | _aمحمد عبدالفتاح ابراهيم (مترجم) | |
| 245 | 1 | 0 |
_aالانهار العظيمة فى العالم / _cمحمد عبدالفتاح ابراهيم (مترجم) |
| 700 | 1 | _aهوايت , ان تيرى | |
| 700 | 1 | _aمحمد صابر سليم | |
| 260 |
_a[S.N] : _bدار المعارف ، _c1992 |
||
| 300 | _a118 | ||
| 490 |
_aكل شىء عن _v0 |
||
| 650 | 0 | 4 | _aنهر النيل |
| 650 | 0 | 4 | _aالانهار |
| 942 |
_2ddc _cBK |
||
| 999 |
_c58062 _d58062 |
||